El Salvador 20 años después de los acuerdos de paz: perspectivas salvadoreñas y estadounidenses
Guardat en:
| Format: | Text |
|---|---|
| Etiquetes: |
Afegir etiqueta
Sense etiquetes, Sigues el primer a etiquetar aquest registre!
|
MARC
| LEADER | 00000 a a2200000 04500 | ||
|---|---|---|---|
| 001 | 45529 | ||
| 003 | |||
| 040 | |a CRAI/IIS |c CRAI/IIS | ||
| 245 | |a El Salvador 20 años después de los acuerdos de paz: |b perspectivas salvadoreñas y estadounidenses | ||
| 773 | |g volumen67, número729 (2012), páginas 313-320 | ||
| 999 | |c 18222 |d 18222 | ||
